Bí mật Tử cấm thành Bắc Kinh

Lịch sử xây dựng Tử Cấm Thành (thời nhà Minh). Giới thiệu quần thể kiến trúc, những di vật quý báu, cùng những luật tục tôn nghiêm của hai vương triều Minh - Thanh. Giới thiệu chùa chiền, miếu mạo, đền thờ trong thành. Những chuyện kì b...

Description complète

Enregistré dans:
Détails bibliographiques
Auteur principal: Thượng, Quang Phong
Format: Livre
Langue:Undetermined
Publié: Thành phố Hồ Chí Minh Văn Nghệ 2003
Sujets:
Tags: Ajouter un tag
Pas de tags, Soyez le premier à ajouter un tag!
Thư viện lưu trữ: Trung tâm Học liệu Trường Đại học Cần Thơ
LEADER 01049nam a2200205Ia 4500
001 CTU_64577
008 210402s9999 xx 000 0 und d
020 |b 68000 
082 |a 895.13081 
082 |b Ph431 
100 |a Thượng, Quang Phong 
245 0 |a Bí mật Tử cấm thành Bắc Kinh 
245 0 |c Thượng Quang Phong [...et al.] 
260 |a Thành phố Hồ Chí Minh 
260 |b Văn Nghệ 
260 |c 2003 
520 |a Lịch sử xây dựng Tử Cấm Thành (thời nhà Minh). Giới thiệu quần thể kiến trúc, những di vật quý báu, cùng những luật tục tôn nghiêm của hai vương triều Minh - Thanh. Giới thiệu chùa chiền, miếu mạo, đền thờ trong thành. Những chuyện kì bívề đế hậu, phi tần, vương hậu, hoạn quan. 
650 |a Historical fiction, chinese ( vietnamese ) 
904 |i Minh 
980 |a Trung tâm Học liệu Trường Đại học Cần Thơ